000 00622nam a2200253 a 4500
001 nice12345678
003 IN_TiNIC
005 20260116013046.0
008 050524s1973 amea grp 000 0 eng
020 _a0252024
_c720
082 0 0 _a953.03
_bDAW
100 _aDawn, C Ernest
245 _aFrom Ottomanism Toarabism
260 _aAmerica
_bUniversity of Illinois Press
_c1973
300 _a206p
500 _aincludes index and biblioraphy
505 2 _aIndex
650 _aHistory-Arab
650 _aOttoman Empire
700 1 _aDawn, C Ernest
902 _bSRS
942 _cBK
999 _c9469
_d9469